| 000 | 00866nam a2200253 i 4500 | ||
|---|---|---|---|
| 001 | bg | ||
| 003 | KOSZ 005 | ||
| 005 | 20200417101307.0 | ||
| 008 | 071121s1968 pl a f 000 0 pol | ||
| 015 | _aPB 1968/9912 | ||
| 040 |
_aWA N _cKOSZ 005/RW _dKOSZ 005/RW |
||
| 080 | _a669.1(084.1) | ||
| 100 | 1 |
_aMichałowski, Maciej _d(1922- ) _eAutor |
|
| 245 | 1 | 0 |
_aAtlas pieców martenowskich / _cMaciej Michałowski, Roman Wessely. |
| 260 |
_aKatowice : _b"Śląsk", _c1968. |
||
| 300 |
_a15, [1] s., [30] k. tabl. : _bil. ; _c27 cm. |
||
| 380 | _aKsiążki. | ||
| 504 | _aBibliogr. s. 15-[16]. | ||
| 650 | 4 | _aPiec martenowski. | |
| 710 | 2 |
_aWydawnictwo "Śląsk" _4pbl. |
|
| 700 | 1 |
_aWessely, Roman _eAutor |
|
| 856 |
_uhttp://koha.tu.koszalin.pl/cgi-bin/koha/opac-detail.pl?biblionumber=7810 _yKatalog online BPK |
||
| 942 |
_2UKD _cKS |
||
| 999 |
_c7810 _d7810 |
||